000 00614nam a22001817a 4500
005 20250113094641.0
010 _aENG-143152
020 _c850.00
_a9789386906014
035 _aEN-126684
037 _bDBAD
082 _a808.883
100 _aBiswas, Ranjita
_976391
245 _aNotes from a Spanish Diary/
_cBy Ranjita Biswas
260 _aOkhla Industrial Area
_bNiyogi Books
_c2017
270 _aBlock D, Building No. 77, Okhla Industrial Area, Phase-I,
_bNew Delhi
_e110020
_mniyogibooks@gmail.com
_k911126816301
_k26818960
300 _a298p.
_c23cm(hb)
942 _2ddc
_cEN
_h808.883
_mBIS
999 _c208079
_d208079